| 000 | 00685nam a2200253Ia 4500 | ||
|---|---|---|---|
| 003 | OSt | ||
| 005 | 20220916110848.0 | ||
| 006 | a|||||r|||| 00| 0 | ||
| 007 | ta | ||
| 008 | 220915b |||||||| |||| 00| 0 eng d | ||
| 024 | _a122488 | ||
| 037 | _cTextbook | ||
| 040 |
_beng _aARTS _cARTS |
||
| 041 | _aeng | ||
| 082 | _aV61:1:N5, K31 | ||
| 100 | _aBennett Norman R | ||
| 245 | 0 | _aStudies in East African History | |
| 260 |
_aBoston _bBoston University Press UK |
||
| 300 |
_a93p. _ccm. |
||
| 490 | _aBostan University African Research Studies ; no. 4 | ||
| 650 | _aHISTORY | ||
| 942 |
_hV61:1:N5, K31 _cTB _2CC |
||
| 999 |
_c99750 _d99750 |
||